13 Shortest Taylor Swift Songs - Statistics

General Stats
  • This quiz has been taken 343 times
  • The average score is 6 of 13
Answer Stats
album and length Answer % Correct
1. 1989 (2.26) Now That We Don't Talk
86%
2. Midnights (2.28) Glitch
71%
3. Lover (2.30) It's Nice To Have A Friend
65%
5. Lover (2.50) I Forgot That You Existed
49%
4. Midnights (2.44) Vigilante Shit
48%
11. Lover (2.58) Cruel Summer
46%
8. Lover (2.53) I Think He Knows
46%
6. Lover (2.51) You Need To Calm Down
43%
12. 1989 (3.00) "Slut!'
38%
7. 1989 (2.51) Suburban Legends
38%
10. Midnights (2.54) Midnight Rain
36%
13. evermore (3.00) closure
32%
9. Taylor Swift (2.53) Picture To Burn
29%
No matching quizzes found
Score Distribution
Percent of People with Each Score
Percentile by Number Answered
Your Score History
You have not taken this quiz